Plaidoyer pour un Tourisme cynegetique : proces verbal d' une reunion imaginaire

Αποθηκεύτηκε σε:
Λεπτομέρειες βιβλιογραφικής εγγραφής
Κύριος συγγραφέας: Baledent, Hubert
Μορφή: Βιβλίο
Γλώσσα:French
Δημοσίευση: Paris : Centre d' Etudes du Tourisme, 1973
Σειρά:Cahiers du tourisme. Serie A ; ; 16
Θέματα:
Ετικέτες: Προσθήκη ετικέτας
Δεν υπάρχουν, Καταχωρήστε ετικέτα πρώτοι!

MARC

LEADER 00000nam a2200000 i 4500
001 1/67658
008 960619s1973 fre d
035 |l 10030051 
040 |a GR-MY-UA  |b gre  |e aacr 
041 0 |a fre 
082 0 |a 338.4791 
100 1 |a Baledent, Hubert. 
245 1 0 |a Plaidoyer pour un Tourisme cynegetique :  |b proces verbal d' une reunion imaginaire /  |c Hubert Baledent 
260 |a Paris :   |b Centre d' Etudes du Tourisme,   |c 1973 
490 1 |a Cahiers du tourisme. Serie A  |v ; 16 
650 0 0 |a Tourism. 
830 0 |a Cahiers du tourisme. Serie A ;  |v ; 16 
852 |a INST  |b CHIOS  |e 19960619  |h 338.4791 BAL  |p 005200007713  |q 005200007713  |t BK  |y 0 
909 |a Χ  |b 032577